000 00544 a2200181 4500
999 _c6127
_d6127
020 _a9780412379802
050 _aTA 645 COA 1988
100 _aCoates, R. C
_eAuthor
245 _aStructural analysis /
_cR. C. Coates, M. G. Coutie and F. K. Kong
250 _a3rd ed.
264 _aLondon:
_bChapmall and Hall,
_c1988
300 _avii, 605p. :
_bill.
500 _aIncludes index
650 _aStructural analysis (Engineering)
700 _aCoutie, M. G.
_eAuthor
700 _aKong, F. K.
_eAuthor
942 _2lcc
_cBK
_e3rd ed.
_h645
_iCOA
_kTA